000 00523nam a2200193Ia 4500
005 20250508160925.0
008 008 250505s9999 xx 000 0 eng d
037 _aTextual
040 _aFEDL
_beng
_cFEDL
041 _aeng
_2eng
084 _a330.7, GOE
_qFEDL
100 _aGoel SC
_9769756
245 0 _aEducation and economic growth in India
260 _aDelhi, India
_bMacmillian
_c1975
300 _aviii,158p.
650 _aEconomics
942 _cTEXL
_h330.7, GOE
999 _c1367425
_d1367425